Herby polskich miast - Statystyki

Ogólne statystyki
  • Ten quiz został rozwiązany 28 razy
  • Średni wynik to 9 z 16
Statystyki odpowiedzi
Obrazkowy Odpowiedź % Poprawnych
Szczecin
100%
Wrocław
96%
Toruń
93%
Kraków
85%
Bydgoszcz
81%
Białystok
78%
Gdynia
78%
Zakopane
74%
Gniezno
52%
Chełm
41%
Suwałki
37%
Biała Podlaska
30%
Kołobrzeg
30%
Puławy
19%
Dęblin
15%
Janów Lubelski
11%
Nie znaleziono quizów pasujących do podanych kryteriów
Rozkład punktacji
Procent ludzi z każdym wynikiem
Percentyl według liczby udzielonych odpowiedzi
Twoja historia wyników
Nie rozwiązałeś tego quizu